The culture of the copy : striking likenesses, unreasonable facsimiles

Αποθηκεύτηκε σε:
Λεπτομέρειες βιβλιογραφικής εγγραφής
Κύριος συγγραφέας: Schwartz, Hillel 1948-
Μορφή: Βιβλίο
Γλώσσα:English
Δημοσίευση: New York : Zone Books, 1998
Θέματα:
Ετικέτες: Προσθήκη ετικέτας
Δεν υπάρχουν, Καταχωρήστε ετικέτα πρώτοι!

MARC

LEADER 00000nam a2200000 i 4500
001 1/84104
008 080508s1996 eng d
020 |a 0-942299-36-1 
035 |l 10097105 
040 |a GR-MY-UA  |b gre  |e aacr 
041 0 |a eng 
082 0 |a 128  |2 (22) 
100 1 |a Schwartz, Hillel  |d 1948- 
245 1 4 |a The culture of the copy :  |b striking likenesses, unreasonable facsimiles /  |c Hillel Schwartz 
260 |a New York :   |b Zone Books,   |c 1998 
300 |a 565 σ.;  |b εικ.;  |c 23 εκ. 
504 |a Βιβλιογραφία: σ. [383]-534. Ευρετήριο 
650 0 0 |a Twins  |x Mythology. 
650 0 0 |a Twins  |x Psychology. 
650 0 0 |a Authenticity (Philosophy) 
650 0 0 |a Impersonation. 
650 0 0 |a Copying  |x History. 
852 |a INST  |b SYROS  |e 20080508  |h 128 SCH  |p 005500006021  |q 005500006021  |t BK  |y 0 
901 |a BIBL5-2008-2 
909 |a Ε  |b 151270 
922 |a 5ΕΛΗ  |b 200803  |c ΕΠΕΑΕΚ2/ΤΜΣΠΣ  |d ΠΑΠΑΣΩΤΗΡΙΟΥ 
970 |a ΚΑΓΙΑΒΑ  |b ΕΙΡΗΝΗ  |z 2008/05/08